000 00448nab a2200145Ia 4500
003 ES-SlBCS
005 20211013145622.0
008 140529s1991 xxu||||| |||| 00| 0 spa d
041 _aspa
100 1 _aBiord Castillo, Raúl
_970054
245 0 0 _aNaturaleza y misión de la universidad católica
_c Raúl Biord Castillo
610 2 4 _aUniversidad Católica
_9150064
773 0 _tAnthropos
_gvol. 12, nº. 23, 1991, págs. 9-24
_wRev38
942 _cAR
999 _c615195
_d615195